00543nam a22001697a 450000500170000001000150001702000260003203500140005803700130007208200080008510000210009324500890011425000090020326000380021227001010025030000220035120210906113632.0 aENG-129829 c795.00a9788178442389 aEN-113361 bDBAD/PUB a954 aBardiar,Nilendra aA " New" Delhi:transformation of the city after partition 1947-65:cNilendra Bardiar a2016 bK.K.Publicationsc2016aNew Delhi mkkdevinder@vsnl.netbNew Delhie110002a4806/24, Bharatram Road, Darya Ganj,k65185557, 64527574 a224p.c21cm (hbk)